Malinajalasamskkaranaplanttukal pravarthippikkumbol (Record no. 75892)
[ view plain ]
| 000 -LEADER | |
|---|---|
| fixed length control field | 00275nam a22001097a 4500 |
| 100 ## - MAIN ENTRY--AUTHOR NAME | |
| Personal name | Biju, M.N. |
| 245 ## - TITLE STATEMENT | |
| Title | Malinajalasamskkaranaplanttukal pravarthippikkumbol |
| 260 ## - PUBLICATION, DISTRIBUTION, ETC. (IMPRINT) | |
| Name of publisher | Rubber, 718(March): 11-13. 2026. |
| 700 ## - ADDED ENTRY--PERSONAL NAME | |
| Personal name | Francis, T. |
| 942 ## - ADDED ENTRY ELEMENTS (KOHA) | |
| Koha item type | Journals |
| Withdrawn status | Lost status | Damaged status | Not for loan | Home library | Current library | Date acquired | Koha item type |
|---|---|---|---|---|---|---|---|
| RRII Library | RRII Library | 27/03/2026 | Journals |